000 00837nam a2200337Ia 4500
001 14250
005 20240113235525.0
007 ta
008 051121s1974 a g b000 u 465 u
020 _cHB
040 _aCotton College Assam
041 _a465
082 _a582
_bM 697 In
100 _aMitra, J.N. .
245 0 _aAn Introduction to Systematic Botany and Ecology /
_cJ.N. Mitra.
_hTextual Documents
250 _a1st ed. /
260 _aCalcutta :
_bThe World Press Pvt. Ltd. ,
_cC1974.
300 _axi,233p. :
_bill ;
_c21cm .
504 _aIndex
653 _aBotany
653 _aPlant Ecology
653 _aG-Botany
653 _aT/G-Botany
942 _2ddc
_cBK
999 _c14236
_d14236